Manažment zmien a jeho uplatňovanie v podnikoch na Slovensku
Manažment zmien a jeho uplatňovanie v podnikoch na Slovensku. Uplatňovanie manažmentu zmien podľa odvetvia podniku.
Saved in:
| Main Author: | |
|---|---|
| Other Authors: | |
| Format: | Book Chapter |
| Language: | Slovak |
| Subjects: | |
| Tags: |
No Tags, Be the first to tag this record!
|
MARC
| LEADER | 00000nla a2200000 4500 | ||
|---|---|---|---|
| 001 | 0241004 | ||
| 005 | 20240502073925.2 | ||
| 041 | 0 | |a slo | |
| 044 | |a SK | ||
| 245 | 1 | 0 | |a Manažment zmien a jeho uplatňovanie v podnikoch na Slovensku |c Ľuboslav Szabo, Andrea Čambalíková |
| 520 | |a Manažment zmien a jeho uplatňovanie v podnikoch na Slovensku. Uplatňovanie manažmentu zmien podľa odvetvia podniku. | ||
| 610 | 2 | 0 | |a podnik |
| 610 | 2 | 0 | |a riadenie zmien |
| 610 | 2 | 0 | |a Slovensko |
| 610 | 2 | 0 | |a korporácie transnacionálne |
| 610 | 2 | 0 | |a prostredie ekonomické |
| 100 | 1 | |a Szabo, Ľuboslav | |
| 700 | 1 | |a Čambalíková, Andrea, 1990- | |